Stades de Premier League (2023-2024) - Statistiques

Statistiques générales
  • Ce quiz a été pris 87 fois
  • Le résultat moyen est 9 sur 20
Statistiques - réponses
Équipe Stade Ville Capacité % Correct
Manchester United Old Trafford Manchester 75 635
97%
Arsenal Emirates Stadium Londres 60 704
94%
Liverpool Anfield Liverpool 54 074
90%
Manchester City Etihad Stadium Manchester 55 097
86%
Chelsea Stamford Bridge Londres 41 798
77%
Tottenham Hotspurs Tottenham Hotspur Stadium Londres 62 062
74%
Newcastle United St James' Park Newcastle 52 405
71%
Aston Villa Villa Park Birmingham 42 788
59%
Everton Goodison Park Liverpool 39 571
46%
Fulham Craven Cottage Londres 25 700
37%
West Ham United Stade Olympique Londres 60 000
36%
Wolverhampton Wanderers Molineux Stadium Wolverhampton 31 700
27%
Brighton & Hove Albion AMEX Stadium Brighton 30 750
19%
AFC Bournemouth Dean Court Bournemouth 11 646
19%
Crystal Palace Selhurst Park Londres 26 255
16%
Nottingham Forest City Ground Nottingham 30 602
9%
Burnley Turf Moore Burnley 21 401
6%
Sheffield United Bramall Lane Sheffield 32 702
4%
Luton Town Kenilworth Road Luton 10 356
4%
Brentford Brentford Community Stadium Londres 17 250
3%
Aucun quiz correspondant
Distribution des résultats
% des personnes avec chaque résultat
Percentile par nombre de réponses
Votre historique - résultats
Vous n’avez pas pris ce quiz